History Quiz

Random History Quiz

British Infantry Regiments Quiz Stats

 Plays Quiz not verified by Sporcle

Also try: This Means War
Challenge
Share
Tweet
Score 0/17 Timer 07:00
0 Plays Today
% Correct
Welsh Guards
88%
Rifles
85.8%
Coldstream Guards
85.2%
Irish Guards
84.7%
Scots Guards
84.2%
Grenadier Guards
83.1%
Royal Regiment of Scotland
73.8%
Mercian Regiment
71.6%
Parachute Regiment
71%
% Correct
Yorkshire Regiment
61.7%
Royal Welsh
59%
Royal Anglian Regiment
55.2%
Royal Irish Regiment
53.6%
Duke of Lancasters Regiment
49.7%
Princess of Wales Royal Regiment
49.2%
Royal Regiment of Fusiliers
48.6%
Royal Gurkha Rifles
39.9%

You're not logged in!

Compare scores with friends on all Sporcle quizzes.
Join for Free
OR
Log In

You Might Also Like...

Show Comments

Extras

Created Mar 28, 2012ReportNominate
Tags:army, british, infantry, regiment, regular

Top Quizzes Today


Score Distribution

Your Account Isn't Verified!

In order to create a playlist on Sporcle, you need to verify the email address you used during registration. Go to your Sporcle Settings to finish the process.

Report this User

Report this user for behavior that violates our Community Guidelines.

Details: